00357 2200133 4500001002100000008004100021035002000062245006100082100002000143260002600163084001400189082000800203990001200211INLIS000000000001438 Ind  a0010-0924000035 aMuslim Visioner :bKebangkitan PotensimucHaidar Musyafa aMusyafa, Haidar aJakartabMedia Cerdas a813 HAI m a813 a0750941